| 000 | 01162nam a2200313 a 4500 | ||
|---|---|---|---|
| 001 | 1556327 | ||
| 003 | CO-ViMGA | ||
| 005 | 20230915233609.0 | ||
| 008 | 171115s2017 ck a gr 000 0dspa d | ||
| 020 | _a9789583053955 | ||
| 040 |
_aCO-ViMGA _bspa _cCO-ViMGA |
||
| 041 | 1 | _hfre | |
| 082 | 0 | 4 |
_aI177.7 _bL11a _221 |
| 100 | 1 |
_aLabb,̌ Brigitte, _d1959- _9232 |
|
| 245 | 1 | 3 |
_aEl amor y la amistad / _cBrigitte Labb,̌ Michel Puech ; ilustraciones Jacques Azam ; traduccin̤ Jorge Eduardo Salgar Restrepo. |
| 250 | _aEdicin̤ Javier R. Mahecha Lp̤ez. | ||
| 260 |
_aBogot :̀ _bPanamericana Editorial, _c2017. |
||
| 300 |
_a44 pg̀inas : _bilustraciones ; _c18 cm. |
||
| 490 | 0 | _aPl̕doras de sabidura̕ | |
| 534 |
_pTt̕ulo original : _tLþamour et lþamiti.̈ |
||
| 650 | 1 | 4 |
_aAmistad _x Literatura infantil. _9247 |
| 650 | 1 | 4 |
_aAmor _x Literatura infantil. _9246 |
| 650 | 1 | 4 |
_aFilosofia para niños _x Literatura infantil. _9248 |
| 700 | 1 |
_aAzam, Jacques, _eilustrador. _9236 |
|
| 700 | 1 |
_aMahecha Lp̤ez, Javier R, _eeditor. _9249 |
|
| 700 | 1 |
_aPuech, Michel. _9250 |
|
| 700 | 1 |
_aSalgar Restrepo, Jorge Eduardo, _etraductor. _9231 |
|
| 942 |
_2ddc _cBK |
||
| 999 |
_c8548 _d8548 |
||